With open arms : Cuban migration to the United States /

Bibliographic Details
Main Author: Masud-Piloto, Felix Roberto
Format: Book
Language:English
Published: Totowa, N.J. : Rowman & Littlefield, 1988.
Subjects:

MARC

Tag First Indicator Second Indicator Subfields
LEADER 00000cam a22000008a 4500
001 in00000760621
005 20151017050658.0
008 870505s1988 nju b 00110 eng
010 |a  87012809  
020 |a 0847675661 
035 |a (OCoLC)15792023 
035 |9 ADK1894AM 
040 |a DLC  |c DLC  |d m/c  |d TXA  |d UtOrBLW 
043 |a n-us---  |a nwcu--- 
049 |a TXAM  |c [A11700563] 
050 0 0 |a HV640.5.C9  |b M37 1987 
050 4 |a HV640.5.C9  |b M37 1988 
082 0 |a 325/.27291/0973  |2 19 
100 1 |a Masud-Piloto, Felix Roberto. 
245 1 0 |a With open arms :  |b Cuban migration to the United States /  |c Félix Roberto Masud-Piloto. 
263 |a 8712 
264 1 |a Totowa, N.J. :  |b Rowman & Littlefield,  |c 1988. 
300 |a xviii, 148 pages 
336 |a text  |b txt  |2 rdacontent 
337 |a unmediated  |b n  |2 rdamedia 
338 |a volume  |b nc  |2 rdacarrier 
504 |a Bibliography: pages 133-142. 
500 |a Includes index. 
650 0 |a Political refugees  |z Florida  |x History. 
650 0 |a Political refugees  |z United States  |x History. 
650 0 |a Political refugees  |z Cuba  |x History. 
651 0 |a United States  |x Foreign relations  |z Cuba. 
651 0 |a Cuba  |x Foreign relations  |z United States. 
650 0 |a Cubans  |z Florida. 
651 0 |a United States  |x Emigration and immigration. 
999 |a MARS 
999 f f |s 80cbe838-103e-35d3-a1e8-9407b36ac1c0  |i 773dd7e0-be93-306f-921b-ff9a1f7b657f  |t 0 
952 f f |p ric  |a Texas A&M University  |b Rellis Campus  |c Joint Library Facility  |d Remote Storage  |t 0  |e HV640.5.C9 M37 1988  |h Library of Congress classification  |i unmediated -- volume  |m A14811700563 
998 f f |a HV640.5.C9 M37 1988  |t 0  |l Remote Storage